Posolstvo od gilotíny (Record no. 20869)
[ view plain ]
| 000 -LEADER | |
|---|---|
| fixed length control field | 01190nam a2200361 a 4500 |
| 001 - CONTROL NUMBER | |
| control field | 20869 |
| 003 - CONTROL NUMBER IDENTIFIER | |
| control field | VRT |
| 005 - DATE AND TIME OF LATEST TRANSACTION | |
| control field | 20260206113349.0 |
| 008 - FIXED-LENGTH DATA ELEMENTS--GENERAL INFORMATION | |
| fixed length control field | 251029s1989 xr a c slo |
| 020 ## - INTERNATIONAL STANDARD BOOK NUMBER | |
| International Standard Book Number | 808511013X |
| Terms of availability | 7,00 |
| 035 ## - SYSTEM CONTROL NUMBER | |
| System control number | SNK000161491 |
| 035 ## - SYSTEM CONTROL NUMBER | |
| System control number | urn:nbn:sk:snk-amkf4y |
| 035 ## - SYSTEM CONTROL NUMBER | |
| System control number | urn:nbn:sk:snk-am003cl1 |
| 035 ## - SYSTEM CONTROL NUMBER | |
| System control number | 60965481-7EA1-41D6-BCEC-CA30AAEB4574 |
| 039 #9 - LEVEL OF BIBLIOGRAPHIC CONTROL AND CODING DETAIL [OBSOLETE] | |
| Level of rules in bibliographic description | 202510291201 |
| Level of effort used to assign nonsubject heading access points | VLOAD |
| Level of effort used to assign subject headings | 202407031347 |
| Level of effort used to assign classification | VLOAD |
| Level of effort used to assign subject headings | 202403181733 |
| Level of effort used to assign classification | VLOAD |
| Level of effort used to assign subject headings | 202402262051 |
| Level of effort used to assign classification | VLOAD |
| 040 ## - CATALOGING SOURCE | |
| Original cataloging agency | SNK |
| Language of cataloging | slo |
| Transcribing agency | SNK |
| Description conventions | AACR2 |
| 041 1# - LANGUAGE CODE | |
| Language code of text/sound track or separate title | slo |
| Language code of original | cze |
| 044 ## - COUNTRY OF PUBLISHING/PRODUCING ENTITY CODE | |
| MARC country code | xr |
| ISO country code | CZ |
| 080 ## - UNIVERSAL DECIMAL CLASSIFICATION NUMBER | |
| Universal Decimal Classification number | 929(100) |
| Edition identifier | 1981 |
| 100 1# - MAIN ENTRY--PERSONAL NAME | |
| Personal name | Hotmar, Josef, |
| Dates associated with a name | 1933- |
| Relationship | aut |
| 245 10 - TITLE STATEMENT | |
| Title | Posolstvo od gilotíny |
| Statement of responsibility, etc. | Josef Hotmar ; [preložil Ladislav Krátky] |
| 260 ## - PUBLICATION, DISTRIBUTION, ETC. | |
| Place of publication, distribution, etc. | Praha |
| Name of publisher, distributor, etc. | Naše vojsko |
| Date of publication, distribution, etc. | 1989 |
| 300 ## - PHYSICAL DESCRIPTION | |
| Extent | 124 s. |
| Dimensions | 20 cm |
| 490 1# - SERIES STATEMENT | |
| Series statement | Magnet |
| Volume/sequential designation | 7/89 |
| 650 07 - SUBJECT ADDED ENTRY--TOPICAL TERM | |
| Topical term or geographic name entry element | osobnosti |
| Source of heading or term | SNKPH |
| 655 #7 - INDEX TERM--GENRE/FORM | |
| Genre/form data or focus term | biografické črty |
| Source of term | SNKPH |
| 700 1# - ADDED ENTRY--PERSONAL NAME | |
| Personal name | Krátky, Ladislav |
| Relationship | trl |
| 830 #0 - SERIES ADDED ENTRY--UNIFORM TITLE | |
| Uniform title | Magnet |
| 942 ## - ADDED ENTRY ELEMENTS (KOHA) | |
| Source of classification or shelving scheme | Dewey Decimal Classification |
| Koha item type | Krásna literatúra pre dospelých |
| Suppress in OPAC | No |
| 949 ## - LOCAL PROCESSING INFORMATION (OCLC) | |
| 6 | 17A0006090 |
| 9 | P60, <03>, [BOOK], {603} |
| a | snkSC 90750 |
| b | snkK 726/96 |
| s | 6100:20140925 |
| 949 ## - LOCAL PROCESSING INFORMATION (OCLC) | |
| 6 | 17A1125771 |
| a | snkSC 90750 D1 |
| b | snk2017/17704 |
| o | 297/17 |
| Stav vyradenia | Strata | Poškodenie | Spôsob nadobudnutia | Domovská knižnica | Aktuálna knižnica | Dátum nadobudnutia | Total checkouts | Čiarový kód exemplára | Date last seen | Typ exemplára |
|---|---|---|---|---|---|---|---|---|---|---|
| Dar | Obecná knižnica Horná Štubňa | Obecná knižnica Horná Štubňa | 06.02.2026 | 4736201004 | 06.02.2026 | Krásna literatúra pre dospelých |
